VÝCHOVA K TOLERANCII

Bibliographic Details
Main Author: Valachová, Daniela (Author)
Format: Article
Language:Slovak

MARC

LEADER 00000nab a2200000uu 4500
001 vtls010902939
003 SK-MaSNL
005 20260303142341.0
008 230222|2005 xo |||||||||||||||||slo|
015 |a SNBRB 
035 |a (urnnbn)urn:nbn:sk:snk:ar-a07pnq 
035 |a (uuid)c93fb596-965d-48a9-b7d6-d6cd45b11f18 
035 |a urn:nbn:sk:snk-ab8u35 
040 |a SNKBUCL  |b slo  |c SNKBUCL  |e AACR2 
041 0 |a slo 
044 |a xo  |c SK 
100 1 |a Valachová, Daniela  |4 aut  |9 168432 
245 1 0 |a VÝCHOVA K TOLERANCII  |c Daniela Valachová 
773 0 |t Prevencia : informačný bulletin zameraný na prevenciu sociálno-patologických javov v rezorte školstva  |g Roč. 4, č. 3 (2005), s. 3-6 
954 |a odborná, vedecká literatúra pôvodná (slovenská)  |2 lita 
958 |a OND 
958 |a EUIPO 
958 |a article10 
999 |c 1982255  |d 1984185